000 00955nam a2200277Ia 4500
001 Para_7616
003 CHAP
008 220125s1989 xx 000 0 und d
010 _a206568
040 _cCHAP
082 _aPA 632.7 L3
100 _aLagunes Tejeda, Angel
_964465
245 _aTemas selectos de manejo de insecticidas agrícolas /
_c por Angel Lagunes Tejeda, J. Concepción Rodríguez Maciel
260 _aChapingo, Méx. :
_b CONACYT, C.P. Centro de Entomología y Acarología
300 _a81 h.
650 _aInsecticidas
_x medidas de seguridad
_958875
700 _aRodríguez Maciel, J. Concepción
_998665
710 _aCONACYT (México) / Colegío de Postgraduados, Chapingo, México. Centro de Entomología y Acarología
_9172859
901 _aPA 632.7 L3
902 _aA
905 _a000000198- 0000000000 00
910 _a198-
942 _cPARA
942 _cPARA
_d1
999 _c206568
_d206568